| 000 | 00807nam a2200253Ia 4500 | ||
|---|---|---|---|
| 008 | 160803s9999 xx 000 0 und d | ||
| 020 | _a9780590040419 | ||
| 100 | _aRylant, Cynthia | ||
| 245 | _aHenry and Mudge in the family trees : | ||
| 245 | _bthe fifteenth book of their adventures / | ||
| 245 | _cstory by Cynthia Rylant ; pictures by Suçie Stevenson. | ||
| 260 | _aNew York : | ||
| 260 | _bScholastic Inc. | ||
| 260 | _c1997 | ||
| 300 | _a40 pages : | ||
| 300 | _bcolor illustrations ; | ||
| 300 | _c23 cm. | ||
| 500 | _a"Published by Scholastic Inc ..., by arrangement with Simon & Schuster Books for Young Readers."--Title page verso. | ||
| 650 | _aDogs -- | ||
| 650 | _aFamily reunions -- | ||
| 650 | _xJuvenile fiction. | ||
| 650 | _xJuvenile fiction. | ||
| 700 | _a460 | ||
| 999 |
_c298884 _d298884 |
||